[Event "Nuremberg-ch op 05th"]
[Site "Nuremberg"]
[Date "2005.05.06"]
[Round "1"]
[White "Nahlik, Bernhard"]
[Black "Kurz, Leonhard"]
[Result "1/2-1/2"]
[WhiteElo "1846"]
[BlackElo "1676"]
[PlyCount "80"]
[EventDate "2005.05.06"]
[EventType "swiss"]
[EventRounds "5"]
[EventCountry "GER"]
[SourceTitle "EXT 2007"]
[Source "ChessBase"]
[SourceDate "2006.11.23"]
[SourceVersion "1"]
[SourceVersionDate "2006.11.23"]
[SourceQuality "1"]

1. e4 c5 2. Nf3 d6 3. d4 cxd4 4. Nxd4 Nf6 5. Nc3 a6 6. Be2 Bd7 7. Be3 Nc6 8. a4 g6 9. 0-0 Bg7 10. f4 0-0 11. Nb3 Rc8 12. Kh1 Nb4 13. a5 Bc6 14. Bf3 Nd7 15. Nd4 Qc7 16. Nce2 Bb5 17. Nxb5 axb5 18. c3 Na6 19. Qb3 Qc4 20. Qxc4 bxc4 21. e5 Ndc5 22. exd6 exd6 23. Nd4 Rcd8 24. Bd5 Nd3 25. Rfb1 Nac5 26. Bxc4 Rfe8 27. Nc2 Nxb2 28. Rxb2 Bxc3 29. Rbb1 Bxa1 30. Rxa1 Re4 31. Bd5 Re7 32. f5 Re5 33. Bxc5 Rxd5 34. Bb6 Re8 35. fxg6 hxg6 36. Nd4 Rde5 37. Kg1 Re1+ 38. Rxe1 Rxe1+ 39. Kf2 Re8 40. Nb5 d5 1/2-1/2

[Event "Bayern-ch Seniors 16th"]
[Site "Schloss Schney"]
[Date "2004.06.14"]
[Round "9"]
[White "Paulsen, Eckart"]
[Black "Kurz, Leonhard"]
[Result "1-0"]
[WhiteElo "1692"]
[BlackElo "1688"]
[PlyCount "65"]
[EventDate "2004.06.06"]
[EventType "swiss"]
[EventRounds "9"]
[EventCountry "GER"]
[SourceTitle "EXT 2006"]
[Source "ChessBase"]
[SourceDate "2005.11.24"]
[SourceVersion "1"]
[SourceVersionDate "2005.11.24"]
[SourceQuality "1"]

1. e4 c5 2. Nc3 d6 3. g3 Nc6 4. Bg2 Nf6 5. d3 g6 6. Nge2 Bg7 7. 0-0 0-0 8. Rb1 a6 9. a3 Qc7 10. Bg5 h6 11. Bxf6 exf6 12. Nd5 Qd8 13. Qd2 Be6 14. Nef4 Kh7 15. c3 Rc8 16. Qe2 Re8 17. Qc2 f5 18. Rfe1 fxe4 19. Bxe4 Ne5 20. Nxe6 Rxe6 21. Nf4 Re7 22. Nd5 Rd7 23. f4 Nc6 24. f5 Ne5 25. Qf2 Ng4 26. Qf4 Nf6 27. fxg6+ fxg6 28. Bxg6+ Kxg6 29. Re6 Rc6 30. Rbe1 Rf7 31. Qe4+ Kg5 32. h4+ Kh5 33. Qf5# 1-0

[Event "Bayern-ch Seniors 16th"]
[Site "Schloss Schney"]
[Date "2004.06.13"]
[Round "8"]
[White "Kurz, Leonhard"]
[Black "Thonig, Manfred"]
[Result "1-0"]
[WhiteElo "1688"]
[BlackElo "1508"]
[PlyCount "101"]
[EventDate "2004.06.06"]
[EventType "swiss"]
[EventRounds "9"]
[EventCountry "GER"]
[SourceTitle "EXT 2006"]
[Source "ChessBase"]
[SourceDate "2005.11.24"]
[SourceVersion "1"]
[SourceVersionDate "2005.11.24"]
[SourceQuality "1"]

1. e4 g6 2. d4 Bg7 3. Nc3 c6 4. Bc4 e6 5. d5 cxd5 6. exd5 Bxc3+ 7. bxc3 Qa5 8. Qd4 f6 9. Nf3 Qb6 10. Qe4 Ne7 11. Be3 Qd6 12. Rd1 e5 13. 0-0 b6 14. Nd2 f5 15. Qh4 0-0 16. Bh6 Re8 17. Nf3 Bb7 18. Ng5 Ba6 19. Bf8 h5 20. Bxe7 Rxe7 21. Rfe1 Bxc4 22. Qxc4 Qc5 23. Qd3 e4 24. Qg3 Kg7 25. Nh3 Kh6 26. Qf4+ Kg7 27. Qg5 Qd6 28. Nf4 Kh7 29. Re3 Rf7 30. Rh3 Qf6 31. Qg3 Kh6 32. Qe3 h4 33. Ne6+ f4 34. Nxf4 g5 35. Ne2 Kh5 36. g4+ Kg6 37. Qxe4+ Kg7 38. f4 Na6 39. d6 Nc5 40. Qxa8 Qe6 41. Qf3 Qxa2 42. Rd2 Nb3 43. Qd5 Qb1+ 44. Rd1 Qxc2 45. Qxg5+ Kf8 46. Rxh4 Qxd1+ 47. Kf2 Rg7 48. Qf6+ Kg8 49. Qd8+ Kf7 50. Qe7+ Kg6 51. f5# 1-0